书目信息 |
| 题名: |
身边的利益博弈
|
|
| 作者: | 王宇 编著 | |
| 分册: | ||
| 出版信息: | 长沙 湖南科学技术出版社 2010.01 |
|
| 页数: | 171页 | |
| 开本: | 23cm | |
| 丛书名: | 财智人生书系 | |
| 单 册: | ||
| 中图分类: | O225-49 | |
| 科图分类: | ||
| 主题词: | 博弈论--bo yi lun--通俗读物 | |
| 电子资源: | ||
| ISBN: | 978-7-5357-5740-1 | |
| 000 | 01005nam 2200265 450 | |
| 001 | 012010843874 | |
| 005 | 20101105135310.98 | |
| 010 | @a978-7-5357-5740-1@dCNY22.80 | |
| 100 | @a20101105d2010 em y0chiy0120 ea | |
| 101 | 0 | @achi |
| 102 | @aCN@b430000 | |
| 105 | @aa z 000yy | |
| 106 | @ar | |
| 200 | 1 | @a身边的利益博弈@Ashen bian de li yi bo yi@e生活中最有趣的博弈策略@f王宇编著@Fwang yu bian zhu |
| 210 | @a长沙@c湖南科学技术出版社@d2010.01 | |
| 215 | @a171页@c图@d23cm | |
| 225 | 2 | @a财智人生书系@Acai zhi ren sheng shu xi |
| 330 | @a本书通过生活中常见的利益博弈实例,介绍博弈论的经典理论及运用,让读者在透过博弈分析的精巧过程、享受博弈智慧运筹帷幄的快感的同时,学习用这种智慧解决生活中的抉择问题。 | |
| 410 | 0 | @12001 @a财智人生书系 |
| 517 | 1 | @a生活中最有趣的博弈策略@Asheng huo zhong zui you qu de bo yi ce lue |
| 606 | 0 | @a博弈论@Abo yi lun@j通俗读物 |
| 690 | @aO225-49@v4 | |
| 701 | 0 | @a王宇@Awang yu@4编著 |
| 801 | 0 | @aCN@bQSSK@c20101105 |
| 905 | @b787778-80@dO225-49@eW448@f3 | |
| 身边的利益博弈:生活中最有趣的博弈策略/王宇编著.-长沙:湖南科学技术出版社,2010.01 |
| 171页:图;23cm.-(财智人生书系) |
| ISBN 978-7-5357-5740-1:CNY22.80 |
| 本书通过生活中常见的利益博弈实例,介绍博弈论的经典理论及运用,让读者在透过博弈分析的精巧过程、享受博弈智慧运筹帷幄的快感的同时,学习用这种智慧解决生活中的抉择问题。 |
| ● |
| 相关链接 |
|
|
|
正题名:身边的利益博弈
索取号:O225-49/W448
 
预约/预借
| 序号 | 登录号 | 条形码 | 馆藏地/架位号 | 状态 | 备注 |
| 1 | 787778 | 207877788 | 自科库401/401自科库 48排4列5层/ [索取号:O225-49/W448] | 在馆 | |
| 2 | 787779 | 207877797 | 自科库401/401自科库 48排4列5层/ [索取号:O225-49/W448] | 在馆 | |
| 3 | 787780 | 207877804 | 自科库401/401自科库 48排4列5层/ [索取号:O225-49/W448] | 在馆 |